| 000 | 00672nam a22002177a 4500 | ||
|---|---|---|---|
| 003 | OSt | ||
| 005 | 20230914162758.0 | ||
| 008 | 221006b |||||||| |||| 00| 0 eng d | ||
| 040 | _cBiblioteca Lado V | ||
| 082 |
_a731.2 _bR175n |
||
| 100 |
_91067 _aRamos, Nelson _eautor |
||
| 245 | _aNelson Ramos/ | ||
| 260 |
_bMuseo Municipal de Bellas Artes _aChile |
||
| 300 |
_c27.5x22cm _a2p. |
||
| 366 | _espa | ||
| 505 | _tPresentación | ||
| 650 |
_2Tesauro de Arte & Arquitectura _aARTE _9703 |
||
| 650 |
_2Tesauro de Arte & Arquitectura _aFOLLETO _9702 |
||
| 650 |
_2Tesauro de Arte & Arquitectura _aESCULTURA _9702 |
||
| 942 |
_2ddc _c1 _h731.2 _iR175n _n0 |
||
| 999 |
_c4338 _d4338 |
||